| 000 | 00844nam a22002417a 4500 | ||
|---|---|---|---|
| 003 | dpl | ||
| 005 | 20180818150622.0 | ||
| 008 | 180818b xxu||||| |||| 00| 0 eng d | ||
| 010 | _aA-943699 | ||
| 020 |
_c55.00 _a8123006691 |
||
| 035 | _aA-943699, A-943706 | ||
| 037 | _bCen Lib/Ret | ||
| 040 |
_aDPL _bEN _c0 |
||
| 082 |
_a080 _bREM |
||
| 245 |
_aRemember us once in a while... : _ctranslated by D. N. Chaturvedi _bletters of martyrs / |
||
| 260 |
_aNew Delhi _bPublications Division, Ministry of Information and Broadcasting, Government of India _c1998 |
||
| 270 |
_aPatiala House, Tilak Marg _bNew Delhi _e110001 |
||
| 300 |
_a160p. _c21cm(Hb) |
||
| 650 |
_aRevolutionaries -- India -- Correspondence _935504 |
||
| 650 |
_aRevolutionaries _928165 |
||
| 700 |
_aChaturvedi, D. N _935503 |
||
| 942 |
_2ddc _cEN _h080 _mREM |
||
| 999 |
_c132701 _d132701 |
||